Investigation of causes and probable solutions of safe drinking water scarcity in selected primary educational institutions of Khulna district, Bangladesh (Record no. 45652)

000 -LEADER
fixed length control field 00612nam a22001697a 4500
001 - CONTROL NUMBER
control field 45652
003 - CONTROL NUMBER IDENTIFIER
control field BD-DhUET
008 - FIXED-LENGTH DATA ELEMENTS--GENERAL INFORMATION
fixed length control field 260418b xxu||||| |||| 00| 0 eng d
040 ## - CATALOGING SOURCE
Transcribing agency 0
Modifying agency BD-DhUET
100 ## - MAIN ENTRY--PERSONAL NAME
Personal name Mahfuzur Rahman Kanon, S. M.
245 ## - TITLE STATEMENT
Title Investigation of causes and probable solutions of safe drinking water scarcity in selected primary educational institutions of Khulna district, Bangladesh
260 ## - PUBLICATION, DISTRIBUTION, ETC. (IMPRINT)
Place of publication, distribution, etc. Dhaka
Name of publisher, distributor, etc. Institute of Water and Flood Management (IWFM), BUET
Date of publication, distribution, etc. 2025
300 ## - PHYSICAL DESCRIPTION
Extent xvii, 188p.
501 ## - WITH NOTE
With note One CD-ROM
504 ## - BIBLIOGRAPHY, ETC. NOTE
Bibliography, etc Includes bibliographies
942 ## - ADDED ENTRY ELEMENTS (KOHA)
Koha item type Thesis
Holdings
Piece designation (barcode) Copy number Price effective from Sublocation or collection (holding branch) Koha item type Lost status Shelving location Withdrawn status Location (home branch) Damaged status Date acquired Source of classification or shelving scheme Not for loan Koha date last seen
12101612026-04-18Central Library, BUETThesis Acquisition section Central Library, BUET 2026-04-18  2026-04-18